000 00544nam a2200181 i 4500
001 133600
003 ES-MaACL
005 20250814033435.0
007 t|
008 070821s1960 xxu ||||1| eng d
245 0 4 _aThe wonders of life on earth /
_cby the editors of Life and Lincoln Barnett.
260 _aNew York :
_bTime, inc.,
_c1960.
300 _a300 p. :
_bil. ;
_c37 cm.
650 7 _aZoologĂ­a
_2embne
_917868
700 1 _aBarnett, Lincoln.
_925731
852 _aES-MaACL
_jC-24261
_bR.52914
999 _c133600
_d133600